书目信息 |
| 题名: |
独立的女人最任性
|
|
| 作者: | 卡耐基 著 ;罗可可 编译 | |
| 分册: | ||
| 出版信息: | 北京 中华工商联合出版社 2015 |
|
| 页数: | 218页 | |
| 开本: | 23cm | |
| 丛书名: | ||
| 单 册: | ||
| 中图分类: | B825.5 | |
| 科图分类: | ||
| 主题词: | 女性--修养--通俗读物 | |
| 电子资源: | ||
| ISBN: | 978-7-5158-1431-5 | |
| 000 | 01152nam0 2200253 450 | |
| 001 | 012001002628 | |
| 005 | 20140926114740.0 | |
| 010 | @a978-7-5158-1431-5@dCNY32.00 | |
| 100 | @a20160425d2015 em y0chiy50 ea | |
| 101 | 1 | @achi@ceng |
| 102 | @aCN@b110000 | |
| 105 | @ay z 000yy | |
| 106 | @ar | |
| 200 | 1 | @a独立的女人最任性@9du li de nu ren zui ren xing@b专著@dIndependent wayward@f(美)卡耐基著@g罗可可编译@zeng |
| 210 | @a北京@c中华工商联合出版社@d2015 | |
| 215 | @a218页@d23cm | |
| 330 | @a不管是在恋爱还是在婚姻中,女人都应该是一个独立的个体。女人只有独立了,才能任性、尽情地绽放自己的美丽。没有独立的经济来源,没有独立的情感世界,女人永远只会是男人的衣服;没有一个让自己安身立命的本事,女人迟早会成为怨妇中的一员;不能自立的女人,注定不能掌控自己的命运。《独立的女人最任性》帮助现代女性找到内心强大的力量,找到安身立命的资本,让你任性而幸福地活一生。 | |
| 510 | 1 | @aIndependent wayward@zeng |
| 606 | 0 | @a女性@x修养@j通俗读物 |
| 690 | @aB825.5@v5 | |
| 701 | 0 | @c(美)@a卡耐基@9ka nai ji@c(Carnegie, Dale@f1888-1955)@4著 |
| 702 | 0 | @a罗可可@9luo ke ke@4编译 |
| 801 | 0 | @aCN@b上海新华@c20180901 |
| 905 | @b1161208-12@dB825.5@e1232@f5 | |
| 独立的女人最任性=Independent wayward/(美)卡耐基著/罗可可编译.-北京:中华工商联合出版社,2015 |
| 218页;23cm |
| ISBN 978-7-5158-1431-5:CNY32.00 |
| 不管是在恋爱还是在婚姻中,女人都应该是一个独立的个体。女人只有独立了,才能任性、尽情地绽放自己的美丽。没有独立的经济来源,没有独立的情感世界,女人永远只会是男人的衣服;没有一个让自己安身立命的本事,女人迟早会成为怨妇中的一员;不能自立的女人,注定不能掌控自己的命运。《独立的女人最任性》帮助现代女性找到内心强大的力量,找到安身立命的资本,让你任性而幸福地活一生。 |
| ● |
| 相关链接 |
|
|
|
|
正题名:独立的女人最任性
索取号:B825.5/1232
 
预约/预借
| 序号 | 登录号 | 条形码 | 馆藏地/架位号 | 状态 | 备注 |
| 1 | 1161208 | 211612085 | 第一样本阅览室/ [索取号:B825.5/1232] | 在馆 | |
| 2 | 1161209 | 211612094 | 第一借阅区/ [索取号:B825.5/1232] | 在馆 | |
| 3 | 1161210 | 211612101 | 第一借阅区/ [索取号:B825.5/1232] | 在馆 | |
| 4 | 1161211 | 211612110 | 第一借阅区/ [索取号:B825.5/1232] | 在馆 | |
| 5 | 1161212 | 211612129 | 第一借阅区/ [索取号:B825.5/1232] | 在馆 |